header

Learning large lessons (Record no. 40800)

MARC details
000 -LEADER
fixed length control field 01535nam a22003734a 4500
082 04 - DEWEY DECIMAL CLASSIFICATION NUMBER
Classification number 355.4/20973
100 1# - MAIN ENTRY--AUTHOR NAME
Personal name Johnson, David E.
245 10 - TITLE STATEMENT
Title Learning large lessons
260 ## - PUBLICATION, DISTRIBUTION, ETC. (IMPRINT)
Place of publication Santa Monica, CA :
Name of publisher RAND,
Year of publication 2006.
300 ## - PHYSICAL DESCRIPTION
Number of Pages xxvii, 232 p.
500 ## - GENERAL NOTE
General note "MG-405-AF."--P. [4] cover.
650 #0 - SUBJECT ADDED ENTRY--TOPICAL TERM
Topical Term Military doctrine
Topical Term Air power
Topical Term Unified operations (Military science)
Topical Term Operational art (Military science)
856 40 - ELECTRONIC LOCATION AND ACCESS
Uniform Resource Identifier http://site.ebrary.com/lib/rucke/Doc?id=10225491

No items available.

© 2026 Rongo University
Contact us: librarian | system librarian | Rongo university